| 000 | 00337nam a2200109Ia 4500 | ||
|---|---|---|---|
| 008 | 171211s9999 xx 000 0 und d | ||
| 245 | _aRoutledge Handbook of the Economics of Knowledge | ||
| 245 | _cAlbert N. Link and Cristiano Antonelli | ||
| 260 | _c2015 | ||
| 650 | _xECONOMICS | ||
| 856 | _uhttp://down.ebook777.com/061/0415640997.pdf | ||
| 999 |
_c349621 _d349621 |
||